Statistics for Chelsea All-Time Greatest XI

Click here to take the quiz!

General Stats

  • This quiz has been taken 2,030 times
  • The average score is 8 of 11

Answer Stats

Position:Nationality:Years Active:Player:% Correct
ForwardIvory Coast2004~2014Didier Drogba
99%
GoalkeeperCzech Republic2004-2015Petr Cech
98%
MidfielderEngland2001-2014Frank Lampard
96%
DefenderEngland1998-2015John Terry
96%
DefenderEngland2006-2014Ashley Cole
86%
MidfielderItaly1996-2003Gianfranco Zola
75%
MidfielderFrance2003-2008Claude Makélélé
68%
DefenderFrance1998-2004Marcel Desailly
62%
ForwardEngland1964~1980Peter Osgood
32%
ForwardEngland1958-1970Bobby Tambling
24%
DefenderEngland1961-1980Ron Harris
22%

Score Distribution

Percentile by Number Answered

Percent of People with Each Score

Your Score History

You have not taken this quiz